Electrónica básica

-д хадгалсан:
Номзүйн дэлгэрэнгүй
Байгууллагын зохиогч: Van Valkenburgh, Nooger & Neville (Зохиогч)
Формат: Ном
Хэл сонгох:испани
Хэвлэсэн: Buenos Aires Bell 1971
Хэвлэл:6a. ed
Нөхцлүүд:
Шошгууд: Шошго нэмэх
Шошго байхгүй, Энэхүү баримтыг шошголох эхний хүн болох!

MARC

LEADER 00000nam a2200000 a 4500
001 UCP0895
003 CL-VaPUC
008 990319e19710000AG |||||||||||||||||spa|d
082 0 4 |a 621.381  |b VAN  |2 21 
110 2 |a Van Valkenburgh, Nooger & Neville  |e author  |9 426538 
245 1 0 |a Electrónica básica 
250 |a 6a. ed 
300 |a v 
942 |c BK 
945 |d 19990319 00:00:00  |a lriquelm 
260 |a Buenos Aires  |b Bell  |c 1971 
650 0 |a Electrónica   |9 263192 
650 7 |a DIODOS SEMICONDUCTORES  |2 CL-VaPUC  |9 426539 
650 0 |a Transistores  |9 260330 
650 7 |a FRECUENCIAS  |2 CL-VaPUC  |9 360857 
650 7 |a DISPOSITIVOS SEMICONDUCTORES  |2 CL-VaPUC  |9 361201 
650 0 |a Energía eléctrica  |9 256678 
650 0 |a Electromagnetismo   |9 260123 
650 0 |a Generación de energía eléctrica  |9 345677 
650 0 |a Propagación de ondas  |9 263256 
583 |a last modification  |c 19990319 00:00:00  |k Rodrigo Vera 
999 |c 279630  |d 279628 
952 |0 0  |1 0  |4 0  |6 621_381000000000000_VAN_1971  |7 0  |8 A  |9 319245  |a BIBMEC  |b BIBMEC  |d 2019-11-20  |h v.2  |i 1328891  |o 621.381 VAN 1971  |p 1328891  |r 2019-11-20  |w 2019-11-20  |y BK  |k MEC